000 01891cam a22004334i 4500
003 PE-LiUPU
005 20250731175624.0
008 150623s1998 miu rb 000 0 eng d
020 _a0801021715
035 _a(Sirsi) i9780801021718
040 _aPE-LiUPU
_bspa
_cPE-LiUPU
_erda
049 _aPRUA
082 0 4 _a492.4
_bCH62
_221
100 1 _aChisholm, Robert B.,
_eautor.
245 1 0 _aFrom exegesis to exposition :
_ba practical guide to using Biblical Hebrew /
_cRobert B. Chisholm, Jr.
264 1 _aGrand Rapids, Michigan :
_bBaker Books,
_c1998.
300 _a304 páginas ;
_c23 centímetros
336 _atext
_2rdacontent
337 _aunmediated
_2rdamedia
338 _avolume
_2rdacarrier
504 _aIncluye bibliografía.
505 0 _aCredibility, competence, and confidence -- Finding help in the right places -- The most basic question of all -- Who was right? Alice or Humpty Dumpty? -- Getting down to the nuts and bolts -- Beyond the sentence -- Getting beneath the surface -- Pulling it all together -- Making it contemporary -- Why not give it a try.
526 _aP145
526 _aP127
526 _aP97
526 _aP35
526 _aP14
526 _aP07
630 _aBiblia.
_pA.T.
_xCrítica, interpretación, etc.
630 _aBiblia.
_pA.T.
_xLenguaje.
630 _aBiblia.
_pA.T.
_xUso homilético.
650 0 4 _aHebreo bíblico
_xGramática
942 _2ddc
_cBOOK
949 _a492.4 CH62
_wDEWEY
_c1
_i47421
_d2016-6-13
_e2016-6-3
_lCCODEBUL1
_mBUL
_n2
_r0
_sY
_tBOOK
_u2015-6-24
_xTEOLOGIA
_PP35
_0COMPRA
_o.STAFF. Colección General
994 _aC0
_bPEPRU
596 _a1
999 _a492.4 CH62
_wDEWEY
_c23978
_i47421
_d23978
_e2016-6-3
_f2021-11-11
_g5
_lCCODEBUL1
_mBUL
_n2
_p26.00
_q4
_r0
_sY
_tBOOK
_u2015-6-24
_xTEOLOGIA
_PP35
_0COMPRA
_o.STAFF. Colección Teología
980 _81
_gALBERTO SANCHEZ Responsable de Automatización